<?xml version="1.0" encoding="UTF-8"?>
<record
    xmlns:xsi="http://www.w3.org/2001/XMLSchema-instance"
    xsi:schemaLocation="http://www.loc.gov/MARC21/slim http://www.loc.gov/standards/marcxml/schema/MARC21slim.xsd"
    xmlns="http://www.loc.gov/MARC21/slim">

  <leader>02151nam a2200409 i 4500</leader>
  <controlfield tag="001">193600</controlfield>
  <controlfield tag="003">SpMaBN</controlfield>
  <controlfield tag="005">20250828023909.0</controlfield>
  <controlfield tag="007">ta</controlfield>
  <controlfield tag="008">200309s2019    sp a   | |||| 000 j spa  </controlfield>
  <datafield tag="017" ind1=" " ind2=" ">
    <subfield code="a">SE 1727-2019</subfield>
    <subfield code="b">Oficina Dep&#xF3;sito Legal Sevilla</subfield>
  </datafield>
  <datafield tag="020" ind1=" " ind2=" ">
    <subfield code="a">9788417679095</subfield>
  </datafield>
  <datafield tag="040" ind1=" " ind2=" ">
    <subfield code="a">SpMaBN</subfield>
    <subfield code="b">spa</subfield>
    <subfield code="c">SpMaBN</subfield>
    <subfield code="e">rda</subfield>
  </datafield>
  <datafield tag="080" ind1=" " ind2=" ">
    <subfield code="a">087.5:37.015.31:17.022.1</subfield>
  </datafield>
  <datafield tag="080" ind1=" " ind2=" ">
    <subfield code="a">087.5:82</subfield>
  </datafield>
  <datafield tag="100" ind1="1" ind2=" ">
    <subfield code="a">Berm&#xFA;dez Cancine, Maristela,</subfield>
    <subfield code="d">1959-</subfield>
    <subfield code="4">aut</subfield>
    <subfield code="e">aut</subfield>
    <subfield code="9">234886</subfield>
  </datafield>
  <datafield tag="245" ind1="1" ind2="0">
    <subfield code="a">Gl&#xF3;bulo Tercero y la salvaci&#xF3;n de la Tierra /</subfield>
    <subfield code="c">Maristela Berm&#xFA;dez Cancine</subfield>
  </datafield>
  <datafield tag="250" ind1=" " ind2=" ">
    <subfield code="a">Primera edici&#xF3;n: noviembre, 2019</subfield>
  </datafield>
  <datafield tag="264" ind1=" " ind2="1">
    <subfield code="a">Sevilla :</subfield>
    <subfield code="b">Babidi-B&#xFA;,</subfield>
    <subfield code="c">2019</subfield>
  </datafield>
  <datafield tag="300" ind1=" " ind2=" ">
    <subfield code="a">74 p&#xE1;ginas :</subfield>
    <subfield code="b">ilustraciones (blanco y negro) ;</subfield>
    <subfield code="c">20 cm</subfield>
  </datafield>
  <datafield tag="336" ind1=" " ind2=" ">
    <subfield code="a">Texto</subfield>
    <subfield code="2">rdacontent</subfield>
  </datafield>
  <datafield tag="337" ind1=" " ind2=" ">
    <subfield code="a">sin mediaci&#xF3;n</subfield>
    <subfield code="2">rdamedia</subfield>
  </datafield>
  <datafield tag="338" ind1=" " ind2=" ">
    <subfield code="a">volumen</subfield>
    <subfield code="2">rdacarrier</subfield>
  </datafield>
  <datafield tag="490" ind1="0" ind2=" ">
    <subfield code="a">Wooobooks</subfield>
  </datafield>
  <datafield tag="520" ind1=" " ind2=" ">
    <subfield code="a">Gl&#xF3;bulo Tercero es un ni&#xF1;o de 10 a&#xF1;os, que debe salvar a su madre Tierra, la cual se encuentra enferma en el Hospital Central. Dispone de 13 d&#xED;as para conocer a sus t&#xED;os, (los planetas), y convencerlas para que salven a su madre.

Con esta historia, los ni&#xF1;os podr&#xE1;n valorar las acciones buenas y malas de los seres humanos, y desear&#xE1;n convertirse en &#xAB;Globulito&#xBB;, para dar sus mejores cualidades intelectuales, f&#xED;sicas y espirituales al Planeta. A la vez, se divertir&#xE1;n con todas las aventuras que debe realizar Gl&#xF3;bulo Tercero para cumplir su misi&#xF3;n. </subfield>
  </datafield>
  <datafield tag="650" ind1=" " ind2="7">
    <subfield code="a">Educaci&#xF3;n en valores</subfield>
    <subfield code="2">embne</subfield>
    <subfield code="9">12101</subfield>
  </datafield>
  <datafield tag="655" ind1=" " ind2="0">
    <subfield code="a">Cuentos infantiles</subfield>
    <subfield code="2">tgfbne</subfield>
    <subfield code="9">234793</subfield>
  </datafield>
  <datafield tag="655" ind1=" " ind2="7">
    <subfield code="a">Libros infantiles</subfield>
    <subfield code="2">tgfbne</subfield>
    <subfield code="9">226786</subfield>
  </datafield>
  <datafield tag="852" ind1=" " ind2=" ">
    <subfield code="a">ES-MaACL </subfield>
    <subfield code="b">R. 154940</subfield>
    <subfield code="c">DEPOJ</subfield>
    <subfield code="j">N-9606</subfield>
    <subfield code="g">Dedicatoria aut&#xF3;grafa de la autora </subfield>
    <subfield code="h">Donaci&#xF3;n: Maristela Berm&#xFA;dez Cancine</subfield>
    <subfield code="9">201062</subfield>
    <subfield code="x">Encuadernaci&#xF3;n r&#xFA;stica con solapas</subfield>
  </datafield>
  <datafield tag="903" ind1=" " ind2=" ">
    <subfield code="a">Berm&#xFA;dez Cancine, Maristela,</subfield>
    <subfield code="d">1959-</subfield>
    <subfield code="e">dnr</subfield>
    <subfield code="9">234886</subfield>
  </datafield>
  <datafield tag="942" ind1=" " ind2=" ">
    <subfield code="n">0</subfield>
    <subfield code="c">MONOGRAFIA</subfield>
  </datafield>
  <datafield tag="999" ind1=" " ind2=" ">
    <subfield code="c">193600</subfield>
    <subfield code="d">193600</subfield>
  </datafield>
  <datafield tag="952" ind1=" " ind2=" ">
    <subfield code="0">0</subfield>
    <subfield code="1">0</subfield>
    <subfield code="2">udc</subfield>
    <subfield code="4">0</subfield>
    <subfield code="7">0</subfield>
    <subfield code="8">Librosdedicados</subfield>
    <subfield code="a">ATENEOM</subfield>
    <subfield code="b">ATENEOM</subfield>
    <subfield code="c">DEPOJ</subfield>
    <subfield code="d">2024-01-18</subfield>
    <subfield code="e">DONACION</subfield>
    <subfield code="l">0</subfield>
    <subfield code="o">N-9606</subfield>
    <subfield code="p">101206340</subfield>
    <subfield code="r">2024-01-18 00:00:00</subfield>
    <subfield code="y">MONOGRAFIA</subfield>
    <subfield code="z">Dedicatoria aut&#xF3;grafa de la autora</subfield>
  </datafield>
</record>
